| 000 | 00555nam a2200193Ia 4500 | ||
|---|---|---|---|
| 005 | 20250326141326.0 | ||
| 008 | 250326s9999 xx 000 0 und d | ||
| 020 | _a0-07-002656-7-3 | ||
| 037 | _aTextbook | ||
| 040 |
_aFMSL _beng _cFMSL |
||
| 041 |
_aeng _2eng |
||
| 084 |
_aX:8 N3 _qFMSL |
||
| 100 |
_aArnold J D _9744181 |
||
| 245 | 0 |
_aWhen the sparks fly: revolving conflicts in your organization. _cArnold J D |
|
| 260 |
_aNew York _bNew York, McGraw-Hill _c1993 |
||
| 300 | _a248p | ||
| 942 |
_cTB _hX:8 N3 |
||
| 999 |
_c1289782 _d1289782 |
||